| 000 | 00492nam a22001697a 4500 | ||
|---|---|---|---|
| 008 | 230301b |||||||| |||| 00| 0 eng d | ||
| 040 |
_aNational Science Library _cNational Science Library |
||
| 080 |
_a633.63 _bK0 |
||
| 245 |
_aSugar beet cultivation: _b Bulletin no. 153 |
||
| 260 |
_aLondon: _bMinistry of Agriculture and Fisheries, _c1960 |
||
| 300 | _av, 113p. | ||
| 490 | _aBulletin no. 153 | ||
| 650 | _aAgriculture | ||
| 653 | _aSoils | ||
| 653 | _aSeed | ||
| 942 |
_2udc _cREF |
||
| 999 |
_c5148 _d5148 |
||